000 00291nam a2200133Ia 4500
100 _aWilliams/ Taylor
250 _a3
942 _cRB
654 _aElectronic
245 _aElectronic filter design Handbook
260 _bMcGraw Hill
_c1995
082 _a621.3815
_bWIL
546 _aENGLISH
999 _c23871
_d23871